00434nam a2200157Ia 4500008004100000020001500041041000800056082002100064100002200085245004400107260006600151300000800217365001400225700001800239700001900257140306s9999 xx 000 0 und d a0070587930 aeng a005.7585bABR/OR aAbbey, Michael S. aOracle Database 10g: A beginner's Guide aNew DelhibTata Mc Graw Hill Publishing Company Limitedc2005 a404 bRs. 395/- aAbramson, Ian aCorey, Michael